|
|
|
|
| LEADER |
01079pam a22003378a 4500 |
| 001 |
00037126 |
| 005 |
20171026081025.0 |
| 008 |
170427s2015 ||||||Viesd |
| 020 |
# |
# |
|c 53000
|a 978 604 1 00530 3
|
| 041 |
0 |
# |
|a Vie
|
| 082 |
1 |
4 |
|a 959.703
|b S464N
|
| 100 |
0 |
# |
|a Sơn, Nam
|
| 245 |
0 |
0 |
|a Sơn Nam - Phong trào Duy Tân ở Bắc Trung Nam, Miền Nam đầu thế kỉ XX Thiên Địa Hội Và cuộc Minh Tân. Biên khảo
|c Sơn Nam
|
| 250 |
# |
# |
|a Tái bản lần thứ nhất
|
| 260 |
# |
# |
|a TP. Hồ Chí Minh
|b Trẻ
|c 2015
|
| 300 |
# |
# |
|a 395tr.
|c 20cm
|
| 653 |
# |
# |
|a 1858-1945
|
| 653 |
# |
# |
|a Lịch sử
|
| 653 |
# |
# |
|a Miền Nam đầu thế kỉ XX Thiên Địa Hội Và cuộc Minh Tân
|
| 653 |
# |
# |
|a Sự kiện
|
| 653 |
# |
# |
|a Việt Nam
|
| 852 |
# |
# |
|b Kho mượn
|j KM.0021071
|
| 852 |
# |
# |
|j KM.0021071
|
| 910 |
|
|
|d 27/04/2017
|
| 980 |
# |
# |
|a Trung tâm Học liệu Lê Vũ Hùng, Trường Đại học Đồng Tháp
|